Перспективные направления развития материалов и методов их обработки: учебное пособие

מידע ביבליוגרפי
מחבר ראשי: Маркова Е. В. Екатерина Витальевна
מחברים אחרים: Чечуга О. В. Ольга Владимировна
סיכום:Изложены основные теоретические сведения о методах упрочнения поверхности деталей машин, а также о современных методах обработки материалов, включая прогрессивные технологии литья, обработки металлов давлением, технологии резки металлов. Дана информация по классификации, видам, структуре, получению, обработке и применению большого класса современных перспективных материалов, к которым относятся композиционные, порошковые, наноструктурные, аморфные, синтетические сверхтвердые. Для студентов машиностроительных специальностей высших учебных заведений.
שפה:רוסית
יצא לאור: Москва, Инфра-Инженерия, 2022
מהדורה:2-е изд., испр. и доп.
נושאים:
פורמט: ספר
KOHA link:https://koha.lib.tpu.ru/cgi-bin/koha/opac-detail.pl?biblionumber=347391

MARC

LEADER 00000nam0a2200000 4500
001 347391
005 20231102010007.0
010 |a 9785972909520 
035 |a (RuTPU)RU\TPU\book\379284 
090 |a 347391 
100 |a 20220404d2022 m y0rusy50 ca 
101 0 |a rus 
102 |a RU 
105 |a a j 001zy 
200 1 |a Перспективные направления развития материалов и методов их обработки  |e учебное пособие  |f Е. В. Маркова, О. В. Чечуга 
205 |a 2-е изд., испр. и доп. 
210 |a Москва  |a Вологда  |c Инфра-Инженерия  |d 2022 
215 |a 143 с.  |c ил. 
320 |a Библиогр.: с. 136-138 
330 |a Изложены основные теоретические сведения о методах упрочнения поверхности деталей машин, а также о современных методах обработки материалов, включая прогрессивные технологии литья, обработки металлов давлением, технологии резки металлов. Дана информация по классификации, видам, структуре, получению, обработке и применению большого класса современных перспективных материалов, к которым относятся композиционные, порошковые, наноструктурные, аморфные, синтетические сверхтвердые. Для студентов машиностроительных специальностей высших учебных заведений. 
606 1 |a Материалы  |x Обработка  |2 stltpush  |3 (RuTPU)RU\TPU\subj\41294  |9 61098 
610 1 |a перспективные материалы 
610 1 |a машиностроительные материалы 
610 1 |a классификация 
610 1 |a наноструктурные материалы 
610 1 |a создание 
610 1 |a применение 
610 1 |a наноматериалы 
610 1 |a обрабатывающие технологии 
610 1 |a литье 
610 1 |a металлы 
610 1 |a обработка давлением 
610 1 |a резка 
610 1 |a порошковые материалы 
610 1 |a электрофизические методы 
610 1 |a электрохимические методы 
610 1 |a комбинированные методы 
610 1 |a ионная обработка 
610 1 |a металлорежущие инструменты 
610 1 |a криогенная обработка 
610 1 |a лазерная обработка 
610 1 |a теория 
610 1 |a практикумы 
610 1 |a практические работы 
610 1 |a учебные пособия 
675 |a 620.22(075.8)  |v 4 
700 1 |a Маркова  |b Е. В.  |g Екатерина Витальевна 
701 1 |a Чечуга  |b О. В.  |g Ольга Владимировна 
801 1 |a RU  |b 63413507  |c 20220404 
801 2 |a RU  |b 63413507  |c 20220602  |g RCR 
942 |c BK 
959 |a 5/20220404  |d 1  |e 860,00  |f ЧЗТЛ:1